Information architecture for the world wide web
Αποθηκεύτηκε σε:
| Κύριοι συγγραφείς: | , |
|---|---|
| Μορφή: | Βιβλίο |
| Γλώσσα: | Αγγλικά |
| Έκδοση: |
Sebastopol
O'Reilly
1998
|
| Θέματα: | |
| Ετικέτες: |
Προσθήκη ετικέτας
Δεν υπάρχουν, Καταχωρήστε ετικέτα πρώτοι!
|
MARC
| LEADER | 00000nam a2200000 a 4500 | ||
|---|---|---|---|
| 001 | UCP7068 | ||
| 003 | CL-VaPUC | ||
| 008 | 991126e19980000us |||||||||||||||||eng|d | ||
| 082 | 0 | 4 | |a 005.72 |b ROS |2 21 |
| 100 | 0 | |a Rosenfeld, Louis |e author |9 436461 | |
| 700 | 0 | |a Morville, Peter |e author |9 436462 | |
| 245 | 1 | 0 | |a Information architecture for the world wide web |
| 300 | |a 202 p | ||
| 942 | |c BK | ||
| 945 | |d 19991126 00:00:00 |a rbrito | ||
| 260 | |a Sebastopol |b O'Reilly |c 1998 | ||
| 650 | 0 | |a Páginas web |x Diseño |9 436463 | |
| 650 | 0 | |a Internet |9 254823 | |
| 650 | 0 | |a Diseño gráfico |9 266874 | |
| 650 | 0 | |a Programas de computación |9 334383 | |
| 583 | |a last modification |c 20171130 02:30:04 |k Rodrigo Vera | ||
| 999 | |c 284417 |d 284415 | ||
| 952 | |0 0 |1 0 |2 ddc |4 0 |6 005_720000000000000_ROS_1998 |7 0 |8 R |9 328424 |a BIBARQ |b BIBARQ |d 2019-11-20 |i 3583155 |o 005.72 ROS 1998 |p 3583155 |r 2025-01-20 |w 2019-11-20 |y BK |k ARQ | ||